| 000 | 00769nam a2200253 a 4500 | ||
|---|---|---|---|
| 008 | |||
| 020 | _a0073511102 (hbk.) | ||
| 049 | _aMAIN | ||
| 090 |
_aQD253.2 _bDEN |
||
| 100 | 1 | _aDenniston, Katherine. | |
| 245 | 1 | 0 |
_aGeneral, Organic, and biochemistry / _cKatherine J. Denniston, Joseph J. Topping and Robert L. Caret. |
| 260 |
_aBoston : _bMcGraw-Hill, _c2008. |
||
| 300 | _a6th ed. | ||
| 300 |
_axxiii, 821 [81] p. : _bcol. ill. ; _c29 cm. |
||
| 500 | _aIncludes index. | ||
| 650 | 1 |
_aBiochemistry _xtextbooks. |
|
| 700 | _aCaret, L. Robert. | ||
| 700 | _aTopping, J. Joseph. | ||
| 907 |
_a.b10292330 _b01-03-12 _c28-02-11 |
||
| 003 | |||
| 005 | 20230123125151.0 | ||
| 040 | _cNUST | ||
| 942 |
_cBOOKS _kQD253.2 _mDEN |
||
| 999 |
_c136855 _d136855 |
||